| 000 | 01376nam0a2200325 4500 | ||
|---|---|---|---|
| 001 | RU\NLR\bibl\1284800 | ||
| 005 | 20260406100105.0 | ||
| 010 |
_a978-5-465-01689-6 _98000 |
||
| 021 |
_aRU _b2008-68032 _93888 |
||
| 021 |
_aRU _b2008-68033 _93888 |
||
| 035 | _a(NLR Aleph) 001270532 | ||
| 090 |
_a436191 _c436191 |
||
| 100 | _a20081016d2008 |||y0rusy50 ca | ||
| 101 | 0 | _arus | |
| 102 | _aRU | ||
| 105 | _aa ||||||||| | ||
| 200 | 1 |
_aСказки и песенки _e[для чтения взрослыми детям] _fМихаил Пляцковский _gхудож. А. Савченко, А. Мартынов |
|
| 210 |
_aМосква _cОмега _d2008 |
||
| 215 |
_a156, [3] с. _cцв. ил. _d21 |
||
| 225 | 1 | _aМини-Карамелька | |
| 700 | 1 |
_4070 _7ca _8rus _aПляцковский _bМ. С. _f1935-1991 _gМихаил Спартакович _957705 _3RU\NLR\auth\7774777 |
|
| 702 | 1 |
_4040 _7ca _8rus _aСавченко _bА. М. _cхудожник _f1924-2011 _gАнатолий Михайлович _940704 _3RU\NLR\auth\7757772 |
|
| 702 | 1 |
_4040 _7ca _8rus _aМартынов _bА. Е. _cхудожник-иллюстратор _f1958-2012 _gАндрей Евгеньевич _936498 _3RU\NLR\AUTH\7753566 |
|
| 801 | 0 |
_aRU _bNLR _c20081016 _gRCR |
|
| 801 | 1 |
_aRU _bNLR _c20081016 |
|
| 830 | _aпо кн | ||
| 942 | _cBOOK | ||
| 980 | _aNB | ||